Statistics for Most Peaceful Countries

Click here to take the quiz!

General Stats

  • This quiz has been taken 1,312 times
    (691 since last reset)
  • The average score is 14 of 20

Answer Stats

# Country % Correct
14Sweden
93%
17Norway
93%
11Finland
91%
2Denmark
88%
8Canada
86%
7Switzerland
86%
1Iceland
85%
15Australia
83%
4New Zealand
81%
16Germany
74%
9Japan
74%
3Austria
74%
12Ireland
72%
18Belgium
68%
5Portugal
63%
6Czech Republic
52%
20Singapore
50%
10Slovenia
50%
19Hungary
46%
13Bhutan
22%

Score Distribution

Percentile by Number Answered

Percent of People with Each Score

Your Score History

You have not taken this quiz since the last reset